<?xml version="1.0" encoding="UTF-8"?>
<record
    xmlns:xsi="http://www.w3.org/2001/XMLSchema-instance"
    xsi:schemaLocation="http://www.loc.gov/MARC21/slim http://www.loc.gov/standards/marcxml/schema/MARC21slim.xsd"
    xmlns="http://www.loc.gov/MARC21/slim">

  <leader>01569nam0a22003131  4500</leader>
  <controlfield tag="001">rc\3708830</controlfield>
  <controlfield tag="005">20250610113037.0</controlfield>
  <datafield tag="021" ind1=" " ind2=" ">
    <subfield code="a">RU</subfield>
    <subfield code="b">[71-75277]</subfield>
  </datafield>
  <datafield tag="035" ind1=" " ind2=" ">
    <subfield code="a">(NLR Aleph) 007879114</subfield>
  </datafield>
  <datafield tag="090" ind1=" " ind2=" ">
    <subfield code="a">7906651</subfield>
    <subfield code="c">7906651</subfield>
  </datafield>
  <datafield tag="100" ind1=" " ind2=" ">
    <subfield code="a">20130115d1971    |||y0rusy50      ca</subfield>
  </datafield>
  <datafield tag="101" ind1="1" ind2=" ">
    <subfield code="a">rus</subfield>
    <subfield code="c">oss</subfield>
  </datafield>
  <datafield tag="102" ind1=" " ind2=" ">
    <subfield code="a">RU</subfield>
  </datafield>
  <datafield tag="105" ind1=" " ind2=" ">
    <subfield code="a">a   z   |||a|</subfield>
  </datafield>
  <datafield tag="200" ind1="1" ind2=" ">
    <subfield code="a">&#x421;&#x430;&#x43B;&#x43E;&#x43C;&#x438;</subfield>
    <subfield code="e">[&#x420;&#x430;&#x441;&#x441;&#x43A;&#x430;&#x437;&#x44B;</subfield>
    <subfield code="e">&#x41F;&#x435;&#x440;. &#x441; &#x43E;&#x441;&#x435;&#x442;.</subfield>
    <subfield code="f">&#x41F;&#x440;&#x435;&#x434;&#x438;&#x441;&#x43B;. &#x421;. &#x414;&#x430;&#x43D;&#x433;&#x443;&#x43B;&#x43E;&#x432;&#x430;</subfield>
    <subfield code="g">&#x418;&#x43B;.: &#x411;. &#x427;&#x443;&#x43F;&#x440;&#x44B;&#x433;&#x438;&#x43D;]</subfield>
  </datafield>
  <datafield tag="210" ind1=" " ind2=" ">
    <subfield code="a">&#x41C;&#x43E;&#x441;&#x43A;&#x432;&#x430;</subfield>
    <subfield code="c">&#x421;&#x43E;&#x432;&#x440;&#x435;&#x43C;&#x435;&#x43D;&#x43D;&#x438;&#x43A;</subfield>
    <subfield code="d">1971</subfield>
  </datafield>
  <datafield tag="215" ind1=" " ind2=" ">
    <subfield code="a">199 &#x441;.</subfield>
    <subfield code="c">&#x438;&#x43B;.</subfield>
    <subfield code="d">21</subfield>
  </datafield>
  <datafield tag="300" ind1=" " ind2=" ">
    <subfield code="a">&#x412; &#x432;&#x44B;&#x43F;. &#x434;&#x430;&#x43D;. &#x430;&#x432;&#x442;.: &#x410;&#x440;&#x441;&#x435;&#x43D; &#x411;&#x43E;&#x440;&#x438;&#x441;&#x43E;&#x432;&#x438;&#x447; &#x41A;&#x43E;&#x446;&#x43E;&#x435;&#x432;</subfield>
  </datafield>
  <datafield tag="327" ind1="0" ind2=" ">
    <subfield code="a">&#x421;&#x43E;&#x434;&#x435;&#x440;&#x436;.: &#x41E;&#x445;&#x43E;&#x442;&#x43D;&#x438;&#x43A;&#x438;; &#x425;&#x430;&#x43D;&#x438;&#x444;&#x43E;&#x440;&#x430;; &#x41F;&#x430;&#x441;&#x445;&#x430; &#x413;&#x438;&#x433;&#x43E;; &#x41F;&#x44F;&#x442;&#x43D;&#x430;&#x434;&#x446;&#x430;&#x442;&#x44C; &#x43B;&#x435;&#x442;; &#x414;&#x440;&#x443;&#x437;&#x44C;&#x44F;; &#x412;&#x43E;&#x442; &#x43A;&#x430;&#x43A; &#x43F;&#x43E;&#x43B;&#x443;&#x447;&#x430;&#x435;&#x442;&#x441;&#x44F;!; &#x414;&#x432;&#x430;&#x434;&#x446;&#x430;&#x442;&#x44C; &#x447;&#x435;&#x442;&#x44B;&#x440;&#x435; &#x434;&#x43D;&#x44F;; "&#x411;&#x435;&#x434;&#x430;"; &#x425;&#x43B;&#x43E;&#x43F;&#x43E;&#x442;&#x44B; &#x414;&#x430;&#x434;&#x43E;&#x43B;&#x43E;&#x432;&#x44B;&#x445;; &#x421;&#x430;&#x43B;&#x43E;&#x43C;&#x438;, &#x438; &#x434;&#x440;. &#x440;&#x430;&#x441;&#x441;&#x43A;&#x430;&#x437;&#x44B;</subfield>
  </datafield>
  <datafield tag="464" ind1=" " ind2="0">
    <subfield code="1">2001#$a&#x41E;&#x445;&#x43E;&#x442;&#x43D;&#x438;&#x43A;&#x438;$a&#x425;&#x430;&#x43D;&#x438;&#x444;&#x43E;&#x440;&#x430;$a&#x41F;&#x430;&#x441;&#x445;&#x430; &#x413;&#x438;&#x433;&#x43E;$a&#x41F;&#x44F;&#x442;&#x43D;&#x430;&#x434;&#x446;&#x430;&#x442;&#x44C; &#x43B;&#x435;&#x442;$a&#x414;&#x440;&#x443;&#x437;&#x44C;&#x44F;$a&#x412;&#x43E;&#x442; &#x43A;&#x430;&#x43A; &#x43F;&#x43E;&#x43B;&#x443;&#x447;&#x430;&#x435;&#x442;&#x441;&#x44F;!$a&#x414;&#x432;&#x430;&#x434;&#x446;&#x430;&#x442;&#x44C; &#x447;&#x435;&#x442;&#x44B;&#x440;&#x435; &#x434;&#x43D;&#x44F;$a"&#x411;&#x435;&#x434;&#x430;"$a&#x425;&#x43B;&#x43E;&#x43F;&#x43E;&#x442;&#x44B; &#x414;&#x430;&#x434;&#x43E;&#x43B;&#x43E;&#x432;&#x44B;&#x445;$a&#x421;&#x430;&#x43B;&#x43E;&#x43C;&#x438;</subfield>
    <subfield code="t">&#x421;&#x430;&#x43B;&#x43E;&#x43C;&#x438;</subfield>
  </datafield>
  <datafield tag="700" ind1=" " ind2="1">
    <subfield code="6">z01790</subfield>
    <subfield code="a">&#x41A;&#x43E;&#x446;&#x43E;&#x435;&#x432;</subfield>
    <subfield code="b">&#x410;.</subfield>
    <subfield code="f">1872-1944</subfield>
    <subfield code="g">&#x410;&#x440;&#x441;&#x435;&#x43D;</subfield>
  </datafield>
  <datafield tag="702" ind1=" " ind2="1">
    <subfield code="a">&#x414;&#x430;&#x43D;&#x433;&#x443;&#x43B;&#x43E;&#x432;</subfield>
    <subfield code="b">&#x421;.</subfield>
    <subfield code="4">080</subfield>
  </datafield>
  <datafield tag="702" ind1=" " ind2="1">
    <subfield code="a">&#x427;&#x443;&#x43F;&#x440;&#x44B;&#x433;&#x438;&#x43D;</subfield>
    <subfield code="b">&#x411;.</subfield>
    <subfield code="4">440</subfield>
  </datafield>
  <datafield tag="790" ind1=" " ind2="1">
    <subfield code="6">z01700</subfield>
    <subfield code="a">&#x41A;&#x43E;&#x446;&#x43E;&#x435;&#x432;</subfield>
    <subfield code="b">&#x410;.&#x411;.</subfield>
    <subfield code="f">1872-1944</subfield>
    <subfield code="g">&#x410;&#x440;&#x441;&#x435;&#x43D; &#x411;&#x43E;&#x440;&#x438;&#x441;&#x43E;&#x432;&#x438;&#x447;</subfield>
  </datafield>
  <datafield tag="801" ind1=" " ind2="0">
    <subfield code="a">RU</subfield>
    <subfield code="b">NLR</subfield>
    <subfield code="g">psbo</subfield>
  </datafield>
  <datafield tag="801" ind1=" " ind2="1">
    <subfield code="a">RU</subfield>
    <subfield code="b">ELAR</subfield>
    <subfield code="2">rusmarc</subfield>
  </datafield>
  <datafield tag="852" ind1=" " ind2=" ">
    <subfield code="a">NLR</subfield>
    <subfield code="j">71-3/6645</subfield>
  </datafield>
  <datafield tag="942" ind1=" " ind2=" ">
    <subfield code="c">BOOK</subfield>
  </datafield>
  <datafield tag="980" ind1=" " ind2=" ">
    <subfield code="a">NB</subfield>
  </datafield>
  <datafield tag="995" ind1=" " ind2=" ">
    <subfield code="5">2013-10-26</subfield>
    <subfield code="b">NLR01</subfield>
    <subfield code="c">NLR01</subfield>
    <subfield code="e">RF31</subfield>
    <subfield code="f">7879114-10</subfield>
    <subfield code="k">71-3/6645</subfield>
    <subfield code="o">0</subfield>
    <subfield code="r">BOOK</subfield>
    <subfield code="s">7136645_</subfield>
  </datafield>
</record>
